LEADER 01739oam 2200481M 450 001 9910716190203321 005 20200213070901.1 035 $a(CKB)5470000002518209 035 $a(OCoLC)1065590756 035 $a(OCoLC)995470000002518209 035 $a(EXLCZ)995470000002518209 100 $a20071213d1926 ua 0 101 0 $aeng 135 $aurcn||||||||| 181 $ctxt$2rdacontent 182 $cc$2rdamedia 183 $acr$2rdacarrier 200 10$aBridge across Pearl River, Miss. February 1 (calendar day, February 2), 1926. -- Ordered to be printed 210 1$a[Washington, D.C.] :$c[U.S. Government Printing Office],$d1926. 215 $a1 online resource (2 pages) 225 1 $aSenate report / 69th Congress, 1st session. Senate ;$vno. 123 225 1 $a[United States congressional serial set ] ;$v[serial no. 8524] 300 $aBatch processed record: Metadata reviewed, not verified. Some fields updated by batch processes. 300 $aFDLP item number not assigned. 517 $aBridge across Pearl River, Miss. February 1 606 $aBridge construction industry 606 $aBridges$xDesign and construction 606 $aBridges 608 $aLegislative materials.$2lcgft 615 0$aBridge construction industry. 615 0$aBridges$xDesign and construction. 615 0$aBridges. 701 $aBingham$b Hiram$f1875-1956$pRepublican (CT)$0463205 801 0$bWYU 801 1$bWYU 801 2$bOCLCO 801 2$bOCLCQ 801 2$bOCLCO 801 2$bOCLCQ 906 $aBOOK 912 $a9910716190203321 996 $aBridge across Pearl River, Miss. February 1 (calendar day, February 2), 1926. -- Ordered to be printed$93550145 997 $aUNINA LEADER 02350nam 2200601 a 450 001 9910626104403321 005 20250317121904.0 010 $a9786613841414 010 $a9781283528962 010 $a1283528967 010 $a9781780641423 010 $a1780641427 035 $a(CKB)2670000000212566 035 $a(EBL)988404 035 $a(OCoLC)804661378 035 $a(SSID)ssj0000696398 035 $a(PQKBManifestationID)12316112 035 $a(PQKBTitleCode)TC0000696398 035 $a(PQKBWorkID)10681398 035 $a(PQKB)10466791 035 $a(MiAaPQ)EBC988404 035 $a(EXLCZ)992670000000212566 100 $a20120112d2012 uy 0 101 0 $aeng 135 $aur|n|---||||| 181 $ctxt 182 $cc 183 $acr 200 10$aPlant evolution and the origin of crop species /$fJames F. Hancock 205 $a3rd ed. 210 $aWallingford [England] ;$aCambridge, Mass. $cCABI$dc2012 215 $a1 online resource (255 p.) 300 $aDescription based upon print version of record. 311 08$a9781845938017 311 08$a1845938011 320 $aIncludes bibliographical references and index. 327 $apt. 1. Evolutionary processes -- pt. 2. Agricultural origins and crop evolution. 330 $aThe genetic variability that developed in plants during their evolution is the basis of their domestication and breeding into the crops grown today for food, fuel and other industrial uses. This third edition of ""Plant Evolution and the Origin of Crop Species"" brings the subject up-to-date, with more emphasis on crop origins. Beginning with a description of the processes of evolution in native and cultivated plants, the book reviews the origins of crop domestication and their subsequent development over time. All major crop species are discussed, including cereals, protein plants, starch cro 606 $aCrops$xEvolution 606 $aCrops$xOrigin 606 $aPlants$xEvolution 615 0$aCrops$xEvolution. 615 0$aCrops$xOrigin. 615 0$aPlants$xEvolution. 676 $a633 700 $aHancock$b James F$0905901 801 0$bMiAaPQ 801 1$bMiAaPQ 801 2$bMiAaPQ 906 $aBOOK 912 $a9910626104403321 996 $aPlant evolution and the origin of crop species$92762350 997 $aUNINA